Movie Aliases Quiz Stats

 Plays Quiz Updated Mar 13, 2019

Score 0/15 Timer 04:00
0 Plays Today
% Correct
Abe Froman (The Sausage King of Chicago)
68.8%
Sanjay Collins, Chuck Vindaloo, Seamus O'Toole, Bobby O'Shea
62.5%
Uh… (shoots the intercom)
61.1%
Clint Eastwood
54.4%
Penelope Clearwater
46.5%
Mr. Underhill
43.9%
Barry Allen
42%
Vernon Dudley
40.5%
% Correct
Mike Rithjin from the network
40%
Arnold Babar, Harry S. Truman, Mary Poppins, Elmer Fudd Gantry
38.3%
Henry Krinkle, K-r-i-n-k-l-e
34.9%
Richie Cunningham
29.9%
Bill Clay
27.4%
Ricky Ricardo
18.6%
Mr. Gladstone (attending the Singleman Affair)
16.9%

You're not logged in!

Compare scores with friends on all Sporcle quizzes.
OR
Log In

Show Comments

Extras

Top Quizzes Today


Score Distribution

Your Account Isn't Verified!

In order to create a playlist on Sporcle, you need to verify the email address you used during registration. Go to your Sporcle Settings to finish the process.

Report this User

Report this user for behavior that violates our Community Guidelines.

Details: